| 000 | 00459 a2200169 4500 | ||
|---|---|---|---|
| 003 | OSt | ||
| 005 | 20231207135323.0 | ||
| 008 | 231207b |||||||| |||| 00| 0 eng d | ||
| 020 | _a8189645463 | ||
| 020 | _a8189645846 | ||
| 040 | _coclc | ||
| 082 |
_a956.94 _bSYE/W |
||
| 245 | _aWorld infopaedia : Israel / | ||
| 260 |
_aNew Delhi: _bPragun Publication, _c2007. |
||
| 300 | _a347p | ||
| 942 |
_2ddc _cBK _h956.94 _iSYE/W _k956.94 _mSYE/W |
||
| 999 |
_c43740 _d43740 |
||